Sociální ekologie

Bibliographic Details
Main Author: Dokulilová, Dana (Author)
Format: Article
Language:Slovak
Czech
PhysicalDescription:Obr. 1, lit. 2 zázn. v angl., češ.
ISSN:0044-4863
Subjects:

MARC

LEADER 00000nab a2200000 a 4500
001 vtls000585305
003 SK-MaSNL
005 20260304094954.0
008 250425c1996 xo 0 slo
015 |a SNBRB19rr/mm-uuuuu 
035 |a CL0585444 
035 |a urn:nbn:sk:snk-abbpvj 
035 |a (urnnbn)urn:nbn:sk:snk:ar-006dse 
035 |a (uuid)77fdbae0-5b87-411a-9787-26ee66568166 
040 |a SNKBUCL  |b slo  |c SNKBUCL  |e AACR2 
041 0 |a cze 
044 |a xo  |c SK 
080 |a 504.03  |2 1981 
100 1 |a Dokulilová, Dana  |4 aut  |9 1391807 
245 1 0 |a Sociální ekologie  |c Dana Dokulilová 
300 |b Obr. 1, lit. 2 zázn. v angl., češ. 
650 0 7 |a sociálna ekológia  |2 snkbucl  |9 4857 
655 7 |a články z novín a časopisov  |2 snkbucl  |9 267496 
773 0 |t Životné prostredie  |g Roč. 30, č. 2 (1996), s. 103-104  |x 0044-4863 
850 |a Slovenská národná knižnica 
852 |a Slovenská národná knižnica 
958 |a article15 
958 |a RK 
958 |a OND 
958 |a EUIPO 
992 |a RBX 
999 |c 2829986  |d 2831916